00403 2200157 4500001002100000008004100021035002000062245004200082100001800124260002500142300002200167020002200189084001400211082000800225990001200233INLIS000000000002831 IND  a0010-0925000178 aCinta Tak Pernah SalahcAna Sastravel aAna Sastravel aJakartabZettuc2014 a280c(13 x 19 cm) a978-602-7999-94-7 a813 ANA c a813 a0755053